[Event "Helsingor Xtracon op"]
[Site "Helsingor"]
[Date "2019.07.21"]
[Round "2"]
[White "Holm, Kristian Stuvik"]
[Black "Poulsen, Klaus E"]
[Result "1-0"]
[WhiteElo "2469"]
[BlackElo "2095"]
[PlyCount "71"]
[EventDate "2019.07.20"]
[EventType "swiss"]
[EventRounds "10"]
[EventCountry "DEN"]
[SourceTitle "CBM 191 Extra"]
[Source "ChessBase"]
[SourceDate "2019.09.30"]
[SourceVersion "1"]
[SourceVersionDate "2019.09.30"]
[SourceQuality "1"]

1. d4 Nf6 2. c4 c5 3. d5 b5 4. cxb5 a6 5. bxa6 Bxa6 6. Nc3 d6 7. Nf3 g6 8. e4 Bxf1 9. Kxf1 Bg7 10. g3 0-0 11. Kg2 Nbd7 12. a4 Ne8 13. Qc2 Nc7 14. Bg5 h6 15. Bd2 Ra7 16. Rab1 Rb7 17. Na2 Na6 18. b4 cxb4 19. Nxb4 Nxb4 20. Rxb4 Rc7 21. Rc4 Rxc4 22. Qxc4 f5 23. Re1 Kh7 24. exf5 Rxf5 25. Nh4 Re5 26. Rxe5 Nxe5 27. Qe4 Bf6 28. Nf3 Nd7 29. a5 Nc5 30. Qf4 Bg7 31. Qf7 Ne4 32. Be3 Qxa5 33. Bd4 Nf6 34. Qxe7 Nh5 35. Bxg7 Nxg7 36. Qxd6 1-0

[Event "Helsingor Xtracon op"]
[Site "Helsingor"]
[Date "2019.07.21"]
[Round "3"]
[White "Poulsen, Klaus E"]
[Black "Hilbenz, Guntram"]
[Result "1-0"]
[WhiteElo "2095"]
[BlackElo "1845"]
[PlyCount "27"]
[EventDate "2019.07.20"]
[EventType "swiss"]
[EventRounds "10"]
[EventCountry "DEN"]
[SourceTitle "CBM 191 Extra"]
[Source "ChessBase"]
[SourceDate "2019.09.30"]
[SourceVersion "1"]
[SourceVersionDate "2019.09.30"]
[SourceQuality "1"]

1. e4 e5 2. Nc3 Nf6 3. f4 d6 4. Nf3 Be7 5. fxe5 dxe5 6. Nxe5 Nxe4 7. d4 Nxc3 8. bxc3 0-0 9. Bd3 Bf6 10. 0-0 Nc6 11. Qh5 g6 12. Nxc6 bxc6 13. Qf3 Bg7 14. Ba3 1-0

[Event "Hamburg CC Easter op 4th"]
[Site "Hamburg"]
[Date "2018.04.02"]
[Round "7"]
[White "Nedic, Dusan"]
[Black "Poulsen, Klaus E"]
[Result "0-1"]
[WhiteElo "2333"]
[BlackElo "2080"]
[PlyCount "98"]
[EventDate "2018.03.30"]
[EventType "swiss"]
[EventRounds "7"]
[EventCountry "GER"]
[SourceTitle "CBM 183 Extra"]
[Source "ChessBase"]
[SourceDate "2018.04.19"]
[SourceVersion "1"]
[SourceVersionDate "2018.04.19"]
[SourceQuality "1"]

1. d4 Nf6 2. c4 c5 3. d5 b5 4. cxb5 a6 5. bxa6 Bxa6 6. Nc3 g6 7. Nf3 d6 8. g3 Bg7 9. Bg2 0-0 10. 0-0 Nbd7 11. Rb1 Ra7 12. h3 Qa8 13. b3 Ne8 14. Bb2 Nc7 15. Qd2 Rb8 16. Rfd1 Nb5 17. Nxb5 Rxb5 18. Bxg7 Kxg7 19. Rbc1 Nf6 20. Qc3 Rb4 21. a3 Rb6 22. g4 Bxe2 23. g5 Bxd1 24. Rxd1 Rxa3 25. Nd2 h6 26. gxf6+ exf6 27. Re1 Rb4 28. Re7 Qd8 29. Qe3 Kf8 30. Re4 Rxe4 31. Qxh6+ Kg8 32. Nxe4 Rxb3 33. Qf4 Rb1+ 34. Kh2 Rb6 35. Nxf6+ Kg7 36. Ng4 Qh4 37. Qg3 Qxg3+ 38. Kxg3 Rb3+ 39. Ne3 f5 40. Kf4 Kf6 41. Kf3 Ke5 42. Ke2 Rb2+ 43. Ke1 Kd4 44. h4 c4 45. Bf3 f4 46. Ng2 c3 47. Nxf4 Rb1+ 48. Ke2 c2 49. Nd3 Rd1 0-1

[Event "Hamburg CC Easter op 4th"]
[Site "Hamburg"]
[Date "2018.04.01"]
[Round "6"]
[White "Poulsen, Klaus E"]
[Black "Schlierf, Heiko"]
[Result "1-0"]
[WhiteElo "2080"]
[BlackElo "1890"]
[PlyCount "51"]
[EventDate "2018.03.30"]
[EventType "swiss"]
[EventRounds "7"]
[EventCountry "GER"]
[SourceTitle "CBM 183 Extra"]
[Source "ChessBase"]
[SourceDate "2018.04.19"]
[SourceVersion "1"]
[SourceVersionDate "2018.04.19"]
[SourceQuality "1"]

1. e4 d5 2. exd5 Nf6 3. c4 c6 4. d4 cxd5 5. Nc3 Nc6 6. Nf3 Bg4 7. cxd5 Nxd5 8. Bc4 e6 9. 0-0 Bxf3 10. Qxf3 Nxd4 11. Qe4 Nxc3 12. bxc3 Nc6 13. Rb1 Qc8 14. Bg5 Be7 15. Bxe7 Kxe7 16. Qh4+ Ke8 17. Rfd1 Qc7 18. Qg5 f6 19. Qc5 b6 20. Qh5+ Ke7 21. Qg4 Kf8 22. Qxe6 Re8 23. Rd7 Rxe6 24. Rxc7 Rd6 25. Bb5 Ne5 26. Rc8+ 1-0

[Event "Schweinfurt op 26th"]
[Site "Schweinfurt"]
[Date "2016.05.28"]
[Round "5"]
[White "Kilian, Markus"]
[Black "Poulsen, Klaus E"]
[Result "0-1"]
[WhiteElo "1954"]
[BlackElo "2068"]
[PlyCount "64"]
[EventDate "2016.05.26"]
[EventType "swiss"]
[EventRounds "7"]
[EventCountry "GER"]
[SourceTitle "CBM 172 Extra"]
[Source "ChessBase"]
[SourceDate "2016.06.21"]
[SourceVersion "1"]
[SourceVersionDate "2016.06.21"]
[SourceQuality "1"]

1. d4 Nf6 2. c4 e5 3. dxe5 Ne4 4. a3 Nc6 5. Nf3 d6 6. Qc2 Bf5 7. Nc3 Ng3 8. e4 Nxh1 9. exf5 dxe5 10. Be3 f6 11. Rd1 Qe7 12. Be2 Rd8 13. Nh4 Rxd1+ 14. Qxd1 Qd7 15. Bd3 Kd8 16. Nd5 Nd4 17. Bxd4 exd4 18. Nf4 c5 19. Qh5 Bd6 20. Ne6+ Kc8 21. Ng6 Qe8 22. Ngf4 Bxf4 23. Qf3 Bd6 24. Kf1 g6 25. b4 cxb4 26. c5 Be5 27. Ba6 Qe7 28. c6 bxa6 29. c7 Kd7 30. Qd5+ Qd6 31. Nc5+ Ke7 32. c8N+ Rxc8 0-1

[Event "Schweinfurt op 26th"]
[Site "Schweinfurt"]
[Date "2016.05.28"]
[Round "4"]
[White "Poulsen, Klaus E"]
[Black "Ziegler, Michael"]
[Result "1/2-1/2"]
[WhiteElo "2068"]
[BlackElo "2178"]
[PlyCount "43"]
[EventDate "2016.05.26"]
[EventType "swiss"]
[EventRounds "7"]
[EventCountry "GER"]
[SourceTitle "CBM 172 Extra"]
[Source "ChessBase"]
[SourceDate "2016.06.21"]
[SourceVersion "1"]
[SourceVersionDate "2016.06.21"]
[SourceQuality "1"]

1. e4 c5 2. Nf3 e6 3. d4 cxd4 4. c3 Nf6 5. Bd3 dxc3 6. Nxc3 d6 7. 0-0 Be7 8. Qe2 a6 9. Rd1 Qa5 10. Bd2 Qh5 11. Rac1 0-0 12. Na4 Nbd7 13. Be3 Re8 14. Rc7 Qa5 15. Qc2 Bd8 16. Rxc8 Rxc8 17. Qxc8 Qxa4 18. b3 Qb4 19. Rc1 Be7 20. Qc7 Bd8 21. Qc8 Be7 22. Qc7 1/2-1/2

[Event "Gibraltar Challengers-B 11th"]
[Site "Caleta"]
[Date "2013.01.27"]
[Round "2"]
[White "Kovacs, Klara"]
[Black "Poulsen, Klaus E"]
[Result "1-0"]
[WhiteElo "2210"]
[BlackElo "2113"]
[PlyCount "67"]
[EventDate "2013.01.26"]
[EventType "swiss"]
[EventRounds "5"]
[EventCountry "GGB"]
[SourceTitle "EXT 2014"]
[Source "ChessBase"]
[SourceDate "2013.11.20"]
[SourceVersion "1"]
[SourceVersionDate "2013.11.20"]
[SourceQuality "1"]

1. c4 Nf6 2. Nf3 d5 3. g3 c6 4. Bg2 Nbd7 5. cxd5 cxd5 6. d4 e6 7. 0-0 Bd6 8. Nc3 a6 9. Qd3 0-0 10. Bg5 h6 11. Bf4 Bxf4 12. gxf4 Nh5 13. e3 f5 14. Kh1 Nhf6 15. Ne5 Qe8 16. Bf3 Ne4 17. Bxe4 Nxe5 18. dxe5 dxe4 19. Qe2 Bd7 20. Rfd1 Bc6 21. Rd6 Rd8 22. Rad1 Rxd6 23. Rxd6 Qe7 24. b4 Rd8 25. Qd2 Rxd6 26. exd6 Qd7 27. a4 Kf8 28. Qd4 Ke8 29. Kg2 b5 30. axb5 axb5 31. Qc5 Kf8 32. Ne2 Bd5 33. Nd4 Bc4 34. Nc6 1-0

[Event "Politiken Cup 33rd"]
[Site "Helsingor"]
[Date "2011.08.06"]
[Round "9"]
[White "Poulsen, Klaus E"]
[Black "Christensen, Benjamin"]
[Result "1-0"]
[WhiteElo "2148"]
[BlackElo "1880"]
[PlyCount "49"]
[EventDate "2011.07.30"]
[EventType "swiss"]
[EventRounds "10"]
[EventCountry "DEN"]
[SourceTitle "CBM 143 Extra"]
[Source "ChessBase"]
[SourceDate "2011.08.29"]
[SourceVersion "1"]
[SourceVersionDate "2011.08.29"]
[SourceQuality "1"]

1. e4 c5 2. d4 cxd4 3. c3 dxc3 4. Nxc3 e6 5. Nf3 Nc6 6. Bc4 Qc7 7. Qe2 Nf6 8. 0-0 Ng4 9. g3 Bc5 10. Bf4 e5 11. Bxf7+ Kf8 12. Be3 Be7 13. Bb3 Nf6 14. Qc4 Ke8 15. Nd5 Qd6 16. Nb6 Rf8 17. Nxa8 Qb8 18. Nb6 axb6 19. Bxb6 Ng4 20. Ne1 Qd6 21. f3 Nh6 22. Rd1 Qg6 23. Ng2 d6 24. Ba4 Bd7 25. f4 1-0

[Event "Politiken Cup 33rd"]
[Site "Helsingor"]
[Date "2011.08.04"]
[Round "7"]
[White "Poulsen, Klaus E"]
[Black "Asmund, Erik"]
[Result "1-0"]
[WhiteElo "2148"]
[BlackElo "1739"]
[PlyCount "43"]
[EventDate "2011.07.30"]
[EventType "swiss"]
[EventRounds "10"]
[EventCountry "DEN"]
[SourceTitle "CBM 143 Extra"]
[Source "ChessBase"]
[SourceDate "2011.08.29"]
[SourceVersion "1"]
[SourceVersionDate "2011.08.29"]
[SourceQuality "1"]

1. e4 e6 2. d4 d5 3. Nc3 c5 4. exd5 cxd4 5. Qxd4 Nf6 6. Bg5 Be7 7. 0-0-0 0-0 8. d6 Nc6 9. Qd2 Nd5 10. dxe7 Ndxe7 11. Qxd8 Rxd8 12. Rxd8+ Nxd8 13. Bxe7 Nc6 14. Bd6 b6 15. Nf3 Bb7 16. Bb5 a6 17. Bd3 Rd8 18. Bc7 Rc8 19. Bxb6 Nb4 20. Rd1 Bxf3 21. gxf3 g6 22. a3 1-0

[Event "Politiken Cup 33rd"]
[Site "Helsingor"]
[Date "2011.08.02"]
[Round "5"]
[White "Poulsen, Klaus E"]
[Black "Schmitt, Carsten1111"]
[Result "0-1"]
[WhiteElo "2148"]
[BlackElo "1959"]
[PlyCount "80"]
[EventDate "2011.07.30"]
[EventType "swiss"]
[EventRounds "10"]
[EventCountry "DEN"]
[SourceTitle "CBM 143 Extra"]
[Source "ChessBase"]
[SourceDate "2011.08.29"]
[SourceVersion "1"]
[SourceVersionDate "2011.08.29"]
[SourceQuality "1"]

1. e4 c5 2. Nf3 Nf6 3. Nc3 d5 4. exd5 Nxd5 5. Bb5+ Bd7 6. Qe2 Nb4 7. d4 Bxb5 8. Qxb5+ Qd7 9. 0-0 Nxc2 10. Rb1 Nxd4 11. Nxd4 cxd4 12. Qxd7+ Kxd7 13. Rd1 e5 14. f4 f6 15. b4 Na6 16. fxe5 fxe5 17. Ne4 b6 18. Rf1 Nxb4 19. Rf7+ Ke6 20. Ng5+ Kd5 21. Rxf8 Rhxf8 22. Rxb4 h6 23. Nf3 Rac8 24. Bb2 Rc2 25. Ne1 Rc4 26. Rb5+ Rc5 27. Rb4 Ra5 28. a3 Rc8 29. Nf3 Rc4 30. Nxe5 Rxb4 31. axb4 Ra2 32. Nd3 Ke4 33. Nf2+ Ke3 34. h3 Rxb2 35. Nd1+ Kd2 36. Nxb2 b5 37. Kf2 Kc2 38. Ke2 Kxb2 39. Kd3 Kb3 40. Kxd4 Kxb4 0-1

[Event "Politiken Cup 33rd"]
[Site "Helsingor"]
[Date "2011.08.01"]
[Round "4"]
[White "Nielsen, Palle"]
[Black "Poulsen, Klaus E"]
[Result "0-1"]
[WhiteElo "1824"]
[BlackElo "2148"]
[PlyCount "32"]
[EventDate "2011.07.30"]
[EventType "swiss"]
[EventRounds "10"]
[EventCountry "DEN"]
[SourceTitle "CBM 143 Extra"]
[Source "ChessBase"]
[SourceDate "2011.08.29"]
[SourceVersion "1"]
[SourceVersionDate "2011.08.29"]
[SourceQuality "1"]

1. d4 Nf6 2. Bf4 c5 3. e3 b6 4. c4 e6 5. Nf3 Bb7 6. Nc3 cxd4 7. Nxd4 a6 8. f3 Nh5 9. Bxb8 Rxb8 10. Qb3 Qh4+ 11. Kd2 Bc5 12. Nde2 0-0 13. Na4 d5 14. Nxc5 bxc5 15. g4 dxc4 16. Qc3 Bxf3 0-1

[Event "Politiken Cup 33rd"]
[Site "Helsingor"]
[Date "2011.07.31"]
[Round "2"]
[White "Hess, Robert L"]
[Black "Poulsen, Klaus E"]
[Result "1-0"]
[WhiteElo "2609"]
[BlackElo "2148"]
[PlyCount "41"]
[EventDate "2011.07.30"]
[EventType "swiss"]
[EventRounds "10"]
[EventCountry "DEN"]
[SourceTitle "CBM 143 Extra"]
[Source "ChessBase"]
[SourceDate "2011.08.29"]
[SourceVersion "1"]
[SourceVersionDate "2011.08.29"]
[SourceQuality "1"]

1. e4 e6 2. d4 d5 3. Nc3 Bb4 4. e5 c5 5. a3 Bxc3+ 6. bxc3 Qa5 7. Bd2 Qa4 8. Qb1 a6 9. Qb3 Qc6 10. Nf3 Nd7 11. Be2 Ne7 12. 0-0 0-0 13. a4 f6 14. exf6 gxf6 15. c4 Kh8 16. cxd5 exd5 17. c4 dxc4 18. Qxc4 cxd4 19. Bb4 Re8 20. Qf7 Rf8 21. Qxe7 1-0

[Event "Politiken Cup 33rd"]
[Site "Helsingor"]
[Date "2011.07.30"]
[Round "1"]
[White "Poulsen, Klaus E"]
[Black "Jorgensen, Morten"]
[Result "1-0"]
[WhiteElo "2148"]
[BlackElo "1727"]
[PlyCount "47"]
[EventDate "2011.07.30"]
[EventType "swiss"]
[EventRounds "10"]
[EventCountry "DEN"]
[SourceTitle "CBM 143 Extra"]
[Source "ChessBase"]
[SourceDate "2011.08.29"]
[SourceVersion "1"]
[SourceVersionDate "2011.08.29"]
[SourceQuality "1"]

1. e4 c5 2. Nf3 d6 3. d4 cxd4 4. Nxd4 Nf6 5. Nc3 a6 6. Bg5 e6 7. f4 Be7 8. Qf3 Bd7 9. 0-0-0 Nc6 10. Nxc6 Bxc6 11. Bd3 Qc7 12. Qh3 Bd7 13. Rhe1 e5 14. f5 Bc6 15. Bc4 b5 16. Bxf6 Bxf6 17. Bd5 Rc8 18. Re2 Bg5+ 19. Kb1 0-0 20. Bxc6 Qxc6 21. Qh5 Bf6 22. Nd5 Bd8 23. f6 gxf6 24. Rd3 1-0

[Event "DEN-chB"]
[Site "Hillerod"]
[Date "2010.04.05"]
[Round "7"]
[White "Pedersen, Christopher RNH"]
[Black "Poulsen, Klaus E"]
[Result "1-0"]
[WhiteElo "2098"]
[BlackElo "2095"]
[PlyCount "61"]
[EventDate "2010.03.30"]
[EventType "swiss"]
[EventRounds "7"]
[EventCountry "DEN"]
[SourceTitle "CBM 135 Extra"]
[Source "ChessBase"]
[SourceDate "2010.05.04"]
[SourceVersion "1"]
[SourceVersionDate "2010.05.04"]
[SourceQuality "1"]

1. e4 c5 2. Nf3 Nc6 3. d4 cxd4 4. Nxd4 Nf6 5. Nc3 e5 6. Ndb5 d6 7. Nd5 Nxd5 8. exd5 Nb8 9. Qf3 Be7 10. c4 0-0 11. Be2 f5 12. 0-0 a6 13. Qa3 Nd7 14. Bd2 Nb6 15. Nc3 Qe8 16. b4 Nd7 17. Rac1 Qg6 18. f4 exf4 19. Bxf4 Bg5 20. c5 Bxf4 21. Rxf4 Qf6 22. Nb5 axb5 23. Qxa8 Qe5 24. Rf2 Qe3 25. Rcf1 Ne5 26. Kh1 dxc5 27. Qa7 Nd7 28. Bxb5 Nf6 29. Qxc5 Qh6 30. Qc4 Ng4 31. Qxg4 1-0

[Event "DEN-chB"]
[Site "Hillerod"]
[Date "2010.04.04"]
[Round "6"]
[White "Andersen, Morten"]
[Black "Poulsen, Klaus E"]
[Result "1-0"]
[WhiteElo "2200"]
[BlackElo "2095"]
[PlyCount "93"]
[EventDate "2010.03.30"]
[EventType "swiss"]
[EventRounds "7"]
[EventCountry "DEN"]
[SourceTitle "CBM 135 Extra"]
[Source "ChessBase"]
[SourceDate "2010.05.04"]
[SourceVersion "1"]
[SourceVersionDate "2010.05.04"]
[SourceQuality "1"]

1. d4 Nf6 2. Nf3 c5 3. d5 g6 4. Nc3 Bg7 5. e4 d6 6. Nd2 0-0 7. Be2 e6 8. a4 exd5 9. exd5 Na6 10. Nc4 Nb4 11. Bg5 Bf5 12. Ne3 Qc8 13. 0-0 h5 14. Bf4 Rd8 15. f3 Ne8 16. g4 Bd4 17. gxf5 Qxf5 18. Qxd4 cxd4 19. Nxf5 gxf5 20. Nb5 Nxc2 21. Rac1 Ne3 22. Bxe3 dxe3 23. Rc4 a6 24. Nc3 Kg7 25. Rd1 Rac8 26. Rb4 Rc7 27. Rdd4 Nf6 28. Kf1 Kg6 29. Bd3 Re8 30. Rb6 Rd7 31. Ke2 Re5 32. a5 h4 33. Bc4 Nh5 34. Rxh4 Kg5 35. Rd4 Nf4+ 36. Kf1 Nh3 37. Ne2 f4 38. Bd3 f5 39. Rbb4 Rh7 40. Kg2 Kf6 41. Rb6 Kg5 42. Rxd6 Re8 43. Re6 Rg8 44. d6 Kh4+ 45. Kf1 Ng5 46. Rxf4+ Kh3 47. Bxf5+ 1-0

[Event "DEN-chB"]
[Site "Hillerod"]
[Date "2010.04.01"]
[Round "3"]
[White "Schultz Pedersen, Jesper"]
[Black "Poulsen, Klaus E"]
[Result "1-0"]
[WhiteElo "2230"]
[BlackElo "2095"]
[PlyCount "115"]
[EventDate "2010.03.30"]
[EventType "swiss"]
[EventRounds "7"]
[EventCountry "DEN"]
[SourceTitle "CBM 135 Extra"]
[Source "ChessBase"]
[SourceDate "2010.05.04"]
[SourceVersion "1"]
[SourceVersionDate "2010.05.04"]
[SourceQuality "1"]

1. e4 c5 2. Nc3 e6 3. f4 d5 4. Nf3 dxe4 5. Nxe4 Nf6 6. Nf2 a6 7. b3 Qc7 8. Nd3 Nc6 9. Bb2 Bd7 10. Nde5 Nxe5 11. Nxe5 Bc6 12. Nxc6 Qxc6 13. Qe2 0-0-0 14. Rg1 Qe4 15. Qxe4 Nxe4 16. Bd3 Nf6 17. g3 Nd5 18. a3 h5 19. 0-0-0 Ne7 20. Rde1 Nf5 21. Rgf1 Nd4 22. f5 exf5 23. Bxf5+ Nxf5 24. Rxf5 f6 25. Re4 Bd6 26. Rh4 Rde8 27. Kd1 g5 28. Ra4 h4 29. gxh4 gxh4 30. Bxf6 Rhg8 31. c3 Ref8 32. Rxh4 Rg6 33. Rh8 Rgxf6 34. Rxf6 Rxh8 35. Rxd6 Rxh2 36. Rd5 b6 37. b4 cxb4 38. axb4 Kc7 39. Kc2 Kc6 40. Rg5 Rh4 41. Rg3 Rh2 42. c4 a5 43. Rg6+ Kb7 44. bxa5 bxa5 45. Kc3 a4 46. Rd6 Rh1 47. Kb2 Rg1 48. c5 Rg5 49. d4 Rg3 50. Rb6+ Ka7 51. Rb4 a3+ 52. Ka2 Rd3 53. c6 Rc3 54. d5 Rc5 55. Rd4 Kb8 56. d6 Kc8 57. d7+ Kd8 58. Rd6 1-0

[Event "Bagsvard GSF 75 Years-A"]
[Site "Bagsvard"]
[Date "2008.05.13"]
[Round "4"]
[White "Nielsen, Jan Mose"]
[Black "Poulsen, Klaus E"]
[Result "0-1"]
[WhiteElo "2107"]
[BlackElo "2029"]
[PlyCount "102"]
[EventDate "2008.04.15"]
[EventType "tourn"]
[EventRounds "7"]
[EventCountry "DEN"]
[SourceTitle "EXT 2018"]
[Source "ChessBase"]
[SourceDate "2017.10.13"]
[SourceVersion "1"]
[SourceVersionDate "2017.10.13"]
[SourceQuality "1"]

1. d4 Nf6 2. c4 e5 3. dxe5 Ne4 4. a3 Nc6 5. Nf3 d6 6. exd6 Bxd6 7. Nbd2 Qe7 8. Nxe4 Qxe4 9. Qd5 Qe7 10. Bd2 Be6 11. Qb5 0-0-0 12. Bc3 Bg4 13. Qg5 Qe6 14. e3 Bxf3 15. gxf3 Ne5 16. Qh5 g6 17. Qh3 f5 18. f4 Nxc4 19. Bxc4 Qxc4 20. Bxh8 Rxh8 21. Qf3 Rd8 22. Qe2 Qe4 23. 0-0-0 Re8 24. Qc2 Qf3 25. Rhg1 Re6 26. Rg3 Qh5 27. Qc4 Re4 28. Qc3 b5 29. Rd4 Qxh2 30. Rxe4 Qh1+ 31. Kd2 Qxe4 32. Qd3 Qa4 33. Rh3 b4 34. Rxh7 bxa3 35. bxa3 Bxa3 36. Rh8+ Kb7 37. Qd5+ Ka6 38. Qd3+ Kb7 39. Ke2 Bd6 40. Qb1+ Kc6 41. Rb8 Qc4+ 42. Kf3 a6 43. Qb7+ Kd7 44. Qc8+ Kc6 45. Qe8+ Kc5 46. Qxg6 Qe4+ 47. Kg3 a5 48. Qe8 Qd3 49. Ra8 Bxf4+ 50. Kxf4 Qc4+ 51. Kf3 Qg4# 0-1

[Event "Copenhagen-ch"]
[Site "Copenhagen"]
[Date "2002.10.16"]
[Round "4"]
[White "Petersen, Steen"]
[Black "Poulsen, Klaus E"]
[Result "0-1"]
[WhiteElo "2120"]
[BlackElo "2117"]
[PlyCount "38"]
[EventDate "2002.10.11"]
[EventType "swiss"]
[EventRounds "9"]
[EventCountry "DEN"]
[SourceTitle "EXT 2018"]
[Source "ChessBase"]
[SourceDate "2017.10.13"]
[SourceVersion "1"]
[SourceVersionDate "2017.10.13"]
[SourceQuality "1"]

1. d4 Nf6 2. c4 e5 3. dxe5 Ne4 4. a3 Nc6 5. Nf3 d6 6. exd6 Bxd6 7. Nbd2 Qe7 8. Nxe4 Qxe4 9. e3 Bf5 10. Be2 0-0-0 11. Qa4 Rhe8 12. 0-0 Re6 13. g3 Bh3 14. Rd1 Rf6 15. Ne1 Rxf2 16. Kxf2 Qh1 17. Nd3 Qxh2+ 18. Ke1 Bxg3+ 19. Kd2 Bf5 0-1